000 00308nam a22001337a 4500
008 170329b xxu||||| |||| 00| 0 eng d
020 _a9780736044899
041 _aeng
080 _23RD
_a796.3
100 _a8
101 _aSHM
245 _aPHYSIOLOGY OF SPORT AND EXERCISE
_cWILMORE, J.H
942 _2udc
_cBK
999 _c8913
_d8913